| 000 | 00499nam a22001817a 4500 | ||
|---|---|---|---|
| 005 | 20220624094946.0 | ||
| 008 | 210303b xxu||||| |||| 00| 0 spa d | ||
| 041 | _aspa | ||
| 082 | _aTU 118 | ||
| 100 |
_aGonzález Quirós, Diana Pamela _963973 |
||
| 245 | _aInforme de práctica supervisada realizada en Rios Tropicales | ||
| 260 | _c2018 | ||
| 300 | _a18 páginas | ||
| 650 |
_aCOSTA RICA _963974 |
||
| 650 |
_aTURISMO _9894 |
||
| 650 |
_aTOUR OPERADORA RIOS TROPICALES _959828 |
||
| 942 | _cIP | ||
| 999 |
_c12931 _d12931 |
||